Las asesinas de la innovación: cómo las herramientas financieras destruyen su capacidad para hacer cosas nuevas (Registro nro. 10847)
[ vista simple ]
| 000 -LEADER | |
|---|---|
| fixed length control field | 00497 a2200133 4500 |
| 001 - CONTROL NUMBER | |
| control field | ART_14728 |
| 005 - DATE AND TIME OF LATEST TRANSACTION | |
| control field | 20260410161613.0 |
| 008 - FIXED-LENGTH DATA ELEMENTS--GENERAL INFORMATION | |
| fixed length control field | 260409a |
| 100 1# - MAIN ENTRY--PERSONAL NAME | |
| Personal name | Christensen, Clayton M. |
| 245 10 - TITLE STATEMENT | |
| Title | Las asesinas de la innovación: cómo las herramientas financieras destruyen su capacidad para hacer cosas nuevas |
| 700 1# - ADDED ENTRY--PERSONAL NAME | |
| Personal name | Shih, Willy C. |
| 700 1# - ADDED ENTRY--PERSONAL NAME | |
| Personal name | Kaufman, Stephen P. |
| 773 0# - HOST ITEM ENTRY | |
| Title | Harvard Business Review |
| Related parts | Liderazgo y estrategia - Vol. 86, Nº 1 (ene. 2008) |
| Record control number | REV340 |
No hay ítems disponibles.